Varlin (Record no. 7401)

MARC details
000 - LÍDER
campo de control de longitud fija 00749nam a2200193Ia 4500
008 - ELEMENTOS DE DATOS DE LONGITUD FIJA - INFORMACIÓN GENERAL
campo de control de longitud fija 0000001982 fr a 0000000000fre00
090 ## - NÚMERO DE LLAMADA DE TIPO LC LOCALMENTE ASIGNADO (OCLC)
Número de clasificación (OCLC) (R) PSZ00 V17v
100 1# - ENTRADA PRINCIPAL - NOMBRE PERSONAL
Nombre de la persona Varlin, Willy Guggenheim
Fechas asociadas a un nombre 1900
245 10 - TÍTULO DECLARACIÓN
Título Varlin
Resto del título : peintures
260 ## - PUBLICACIÓN, DISTRIBUCIÓN
Lugar de publicación París : Galerie Claude Bernard
Fecha de publicación 1982
300 ## - DESCRIPCIÓN FÍSICA
Alcance 66 p.
Dimensiones / 31 cm.
500 ## - NOTA GENERAL
Nota general Exposición realizada en Galerie Claude Bernard, Paris, Febrero 12 Marzo 27, 1982 \ Texto bilingue : francés e italiano \ Con el patronazgo de la empresa colombiana PLARESA \
600 00 - ENTRADA DE SUJETO AÑADIDO - NOMBRE PERSONAL
Nombre de la persona VARLIN, WILLY GUGGENHEIM, 19001977/
Subdivisión general TRABAJOS PICTORICOS
650 14 - ENTRADA DE SUJETO AÑADIDO - TÉRMINO TÓPICO
Término tópico o elemento de entrada del nombre geográfico ARTE CONTEMPORANEO SUIZO
650 14 - ENTRADA DE SUJETO AÑADIDO - TÉRMINO TÓPICO
Subdivisión general CATALOGOS
650 14 - ENTRADA DE SUJETO AÑADIDO - TÉRMINO TÓPICO
Subdivisión general EXPOSICIONES
650 14 - ENTRADA DE SUJETO AÑADIDO - TÉRMINO TÓPICO
Término tópico o elemento de entrada del nombre geográfico PINTORES SUIZOS
650 14 - ENTRADA DE SUJETO AÑADIDO - TÉRMINO TÓPICO
Término tópico o elemento de entrada del nombre geográfico PINTURA SUIZA
Holdings
Estado de retirada Pérdida de estatus Estado dañado No para préstamo Código de recogida Ubicación permanente Ubicación actual Ubicación de las estanterías Fecha de adquisición Número de llamada completo Código de barras Fecha de la última vez que se vio Número de copia Precio efectivo desde Tipo de artículo Koha
        General ArtNexus ArtNexus General 06/09/2022 P-SZ-00 V17V 7405 06/09/2022 Ej.1 06/09/2022 Libro

Powered by Koha